| LEADER | 00455nam a2200169Ia 4500 | ||
|---|---|---|---|
| 001 | CTU_8652 | ||
| 008 | 210402s9999 xx 000 0 und d | ||
| 082 | |a 581.07 | ||
| 082 | |b B422 | ||
| 100 | |a J Beller | ||
| 245 | 0 | |a Experimenting with plants | |
| 245 | 0 | |b Projects for home, garden and classroom | |
| 245 | 0 | |c J Beller | |
| 260 | |a New Jersey | ||
| 260 | |b Prentice-Hall | ||
| 650 | |a plants | ||
| 980 | |a Trung tâm Học liệu Trường Đại học Cần Thơ | ||